| 000 | 00447nam a2200169 a 4500 | ||
|---|---|---|---|
| 001 | 1352 | ||
| 003 | CO-ViMGA | ||
| 008 | 141112s2004 ck r 000 u spa d | ||
| 040 |
_aCO-ViMGA _bspa _cCO-ViMGA |
||
| 082 | 0 | 4 | _a519.72 L835p |
| 100 | 1 |
_aLuenberger, David G _949564 |
|
| 245 | 1 | 0 | _aProgramación lineal y no lineal |
| 260 |
_aSantafé de Bogotá : _bEducativa, _c1989 |
||
| 300 | _a499 p | ||
| 650 | 1 | 4 | _aPROGRAMACION LINEAL |
| 942 |
_2ddc _cBK |
||
| 999 |
_c13555 _d13555 |
||